Instagram power : (Record no. 82856)

MARC details
000 -LEADER
fixed length control field 01683nam a22002537a 4500
005 - DATE AND TIME OF LATEST TRANSACTION
control field 20140311160618.0
010 ## - LCCN (DPL NO)
LC control number ENG-109522
020 ## - INTERNATIONAL STANDARD BOOK NUMBER
Terms of availability 425.00
International Standard Book Number 9789351344827
020 ## - INTERNATIONAL STANDARD BOOK NUMBER
Terms of availability 425.00
International Standard Book Number 9351344827
035 ## - SYSTEM CONTROL NUMBER
System control number EN-93055
037 ## - SOURCE OF ACQUISITION
Source of stock number/acquisition DBAD/PUB
082 ## - DEWEY DECIMAL CLASSIFICATION NUMBER
Classification number 658.872
100 ## - MAIN ENTRY--PERSONAL NAME
Personal name Miles, Jason G.
245 00 - TITLE STATEMENT
Title Instagram power :
Statement of responsibility, etc by Jason G. Miles
Remainder of title build your brand and reach more customers with the power of pictures /
260 ## - PUBLICATION, DISTRIBUTION, ETC. (IMPRINT)
Place of publication, distribution, etc New Delhi
Name of publisher, distributor, etc McGraw Hill Education (India)
Date of publication, distribution, etc 2014
270 ## - ADDRESS
Address P-24, Green Park Extn.
City New Delhi
Postal code 110016
300 ## - PHYSICAL DESCRIPTION
Extent xx,232p.
Dimensions 24cm(pbk)
500 ## - GENERAL NOTE
General note Includes index
500 ## - GENERAL NOTE
General note I Introduction -- The mobile migration -- The mobile native -- Get clicking on instagram -- Hashtags : organizing a chaotic world -- Marketing on instagram -- An instagram marketing plan -- The social network hiding inside of instagram -- Catalysts for growth -- A copywriter walks into the app store -- Selling on instagram -- Instant buying decisions on instagram -- Instagram for non-profits and service providers -- Branding on instagram -- Selling on instagram -- Display advertising on instagram -- Using the power of free -- Multi-step campaigns -- Integrating instagram into your online marketing -- Instagram with your website -- Instagram as part of your social strategy -- Local marketing with instagram -- Tools for leveraging your instagram experience -- Complementary apps and websites -- Analyzing your instagram work -- Conclusion -- Charlie chaplin versus john gilbert.
650 ## - SUBJECT ADDED ENTRY--TOPICAL TERM
Topical term or geographic name as entry element Internet marketing.
650 ## - SUBJECT ADDED ENTRY--TOPICAL TERM
Topical term or geographic name as entry element Social media
General subdivision Marketing.
650 ## - SUBJECT ADDED ENTRY--TOPICAL TERM
Topical term or geographic name as entry element Branding (Marketing)
942 ## - ADDED ENTRY ELEMENTS (KOHA)
Source of classification or shelving scheme Dewey Decimal Classification
Item type English Books
Call number suffix MIL
Classification part 658.872
Holdings
Withdrawn status Lost status Not for loan Collection code Home library Current library Date acquired Source of acquisition Cost, normal purchase price Full call number Barcode Copy number Cost, replacement price Koha item type
    Not For Loan Non-fiction D.B.Act.Division D.B.Act.Division 04/03/2014 DBAD/PUB 425.00 658.872 MIL EN-93055 1 425.00 English Books

© Delhi Public Library
Hit Counter
free hit counter